| Tag |
First Indicator |
Second Indicator |
Subfields |
| LEADER |
00000cam a2200000 a 4500 |
| 001 |
in00000930404 |
| 005 |
20150925103210.0 |
| 008 |
880706c19881968nyuab 00010 eng d |
| 019 |
|
|
|a 21258083
|
| 020 |
|
|
|z 088029177x
|
| 035 |
|
|
|a (OCoLC)18178305
|
| 035 |
|
|
|9 AER8443AM
|
| 040 |
|
|
|a NWM
|c NWM
|d UMC
|d OCL
|d UtOrBLW
|
| 049 |
|
|
|a TXAM
|c [A13481474]
|
| 050 |
|
4 |
|a DS748
|b .L58 1988
|
| 082 |
0 |
4 |
|a 913.3103
|2 19
|
| 100 |
1 |
|
|a Loewe, Michael.
|
| 245 |
1 |
0 |
|a Everyday life in early Imperial China during the Han period 202 BC-AD 220 /
|c Michael Loewe ; drawings by Eva Wilson.
|
| 264 |
|
1 |
|a New York, NY :
|b Dorset Press,
|c 1988
|
| 264 |
|
4 |
|c ©1968
|
| 300 |
|
|
|a 208 pages :
|b illustrations, map. ;
|c 22 cm.
|
| 336 |
|
|
|a text
|b txt
|2 rdacontent
|
| 337 |
|
|
|a unmediated
|b n
|2 rdamedia
|
| 338 |
|
|
|a volume
|b nc
|2 rdacarrier
|
| 504 |
|
|
|a Bibliography: pages 200-201.
|
| 500 |
|
|
|a Includes index.
|
| 651 |
|
0 |
|a China
|x Social life and customs.
|
| 651 |
|
0 |
|a China
|x History
|y Han dynasty, 202 B.C.-220 A.D.
|
| 999 |
|
|
|a MARS
|
| 999 |
f |
f |
|s c9a35ead-a39e-343f-b107-357eb1075d5c
|i a038d6da-245b-37f2-83d4-2f7a0da78e3f
|t 0
|
| 952 |
f |
f |
|p ric
|a Texas A&M University
|b Rellis Campus
|c Joint Library Facility
|d Remote Storage
|t 0
|e DS748 .L58 1988
|h Library of Congress classification
|i unmediated -- volume
|m A14813481474
|
| 998 |
f |
f |
|a DS748 .L58 1988
|t 0
|l Remote Storage
|